日本の郡クイズ - Statistics

General Stats
  • This quiz has been taken 291 times
  • The average score is 93 of 376
Answer Stats
所属している町村 % Correct
中郡 大磯町・二宮町
65%
日高郡 新ひだか町 | 美浜町・日高町・由良町・印南町・みなべ町・日高川町
51%
松前郡 松前町・福島町
49%
上川郡 和寒町・剣淵町・下川町 | 新得町・清水町 | 鷹栖町・東神楽町・当麻町・比布町・愛別町・上川町・東川町・美瑛町
47%
利尻郡 利尻町・利尻富士町
47%
釧路郡 釧路町
47%
西多摩郡 瑞穂町・日の出町・檜原村・奥多摩町
47%
奥尻郡 奥尻町
46%
礼文郡 礼文町
46%
秩父郡 横瀬町・皆野町・長瀞町・小鹿野町・東秩父村
46%
吉野郡 吉野町・大淀町・下市町・黒滝村・天川村・野迫川村・十津川村・下北山村・上北山村・川上村・東吉野村
45%
石狩郡 当別町・新篠津村
44%
岩手郡 雫石町・葛巻町・岩手町
44%
瀬棚郡 今金町
43%
積丹郡 積丹町
43%
足柄上郡 中井町・大井町・松田町・山北町・開成町
42%
足柄下郡 箱根町・真鶴町・湯河原町
42%
那須郡 那須町・那珂川町
41%
標津郡 中標津町・標津町
40%
長生郡 一宮町・睦沢町・長生村・白子町・長柄町・長南町
40%
利根郡 片品村・川場村・昭和村・みなかみ町
39%
木曽郡 上松町・南木曽町・木祖村・王滝村・大桑村・木曽町
39%
知多郡 阿久比町・東浦町・南知多町・美浜町・武豊町
39%
安芸郡 府中町・海田町・熊野町・坂町 | 東洋町・奈半利町・田野町・安田町・北川村・馬路村・芸西村
39%
増毛郡 増毛町
38%
天塩郡 遠別町・天塩町・豊富町・幌延町
38%
浦河郡 浦河町
38%
様似郡 様似町
38%
色丹郡 色丹村
38%
下北郡 大間町・東通村・風間浦村・佐井村
38%
那珂郡 東海村
38%
諏訪郡 下諏訪町・富士見町・原村
38%
員弁郡 東員町
38%
愛知郡 愛荘町
38%
斜里郡 斜里町・清里町・小清水町
37%
三浦郡 葉山町
37%
中川郡 幕別町・池田町・豊頃町・本別町 | 美深町・音威子府村・中川町
36%
紫波郡 紫波町・矢巾町
36%
下伊那郡 松川町・高森町・阿南町・阿智村・平谷村・根羽村・下條村・売木村・天龍村・泰阜村・喬木村・豊丘村・大鹿村
36%
養老郡 養老町
36%
隠岐郡 海士町・西ノ島町・知夫村・隠岐の島町
36%
枝幸郡 浜頓別町・中頓別町・枝幸町
35%
白老郡 白老町
35%
足寄郡 足寄町・陸別町
35%
厚岸郡 厚岸町・浜中町
35%
国後郡 泊村・留夜別村
35%
最上郡 金山町・最上町・舟形町・真室川町・大蔵村・鮭川村・戸沢村
35%
双葉郡 広野町・楢葉町・富岡町・川内村・大熊町・双葉町・浪江町・葛尾村
35%
上伊那郡 辰野町・箕輪町・飯島町・南箕輪村・中川村・宮田村
35%
愛知郡 東郷町
35%
那賀郡 那賀町
35%
余市郡 仁木町・余市町・赤井川村
34%
雨竜郡 妹背牛町・秩父別町・雨竜町・北竜町・沼田町・幌加内町
34%
三戸郡 三戸町・五戸町・田子町・南部町・階上町・新郷村
34%
亘理郡 亘理町・山元町
34%
加美郡 色麻町・加美町
34%
南会津郡 下郷町・檜枝岐村・只見町・南会津町
34%
三島郡 出雲崎町
34%
京都郡 苅田町・みやこ町
34%
島牧郡 島牧村
33%
寿都郡 寿都町・黒松内町
33%
古平郡 古平町
33%
白糠郡 白糠町
33%
択捉郡 留別村
33%
紗那郡 紗那村
33%
蘂取郡 蘂取村
33%
東津軽郡 平内町・今別町・蓬田村・外ヶ浜町
33%
西津軽郡 鰺ヶ沢町・深浦町
33%
北津軽郡 板柳町・鶴田町・中泊町
33%
上北郡 野辺地町・七戸町・六戸町・横浜町・東北町・六ヶ所村・おいらせ町
33%
揖斐郡 揖斐川町・大野町・池田町
33%
海部郡 大治町・蟹江町・飛島村
33%
度会郡 玉城町・度会町・大紀町・南伊勢町
33%
球磨郡 錦町・多良木町・湯前町・水上村・相良村・五木村・山江村・球磨村・あさぎり町
33%
新冠郡 新冠町
32%
石川郡 石川町・玉川村・平田村・浅川町・古殿町
32%
相馬郡 新地町・飯舘村
32%
佐用郡 佐用町
32%
阿蘇郡 南小国町・小国町・産山村・高森町・西原村・南阿蘇村
32%
岩内郡 共和町・岩内町
31%
十勝郡 浦幌町
31%
南津軽郡 藤崎町・大鰐町・田舎館村
31%
吾妻郡 中之条町・長野原町・嬬恋村・草津町・高山村・東吾妻町
31%
北葛飾郡 杉戸町・松伏町
31%
安八郡 神戸町・輪之内町・安八町
31%
豊能郡 豊能町・能勢町
31%
泉南郡 熊取町・田尻町・岬町
31%
大島郡 周防大島町 | 大和村・宇検村・瀬戸内町・龍郷町・喜界町・徳之島町・天城町・伊仙町・和泊町・知名町・与論町
31%
広尾郡 大樹町・広尾町
30%
邑楽郡 板倉町・明和町・千代田町・大泉町・邑楽町
30%
北足立郡 伊奈町
30%
刈羽郡 刈羽村
30%
南巨摩郡 早川町・身延町・南部町・富士川町
30%
賀茂郡 東伊豆町・河津町・南伊豆町・松崎町・西伊豆町
30%
東牟婁郡 那智勝浦町・太地町・古座川町・北山村・串本町
30%
世羅郡 世羅町
30%
阿武郡 阿武町
30%
小豆郡 土庄町・小豆島町
30%
遠賀郡 芦屋町・水巻町・岡垣町・遠賀町
30%
島尻郡 与那原町・南風原町・渡嘉敷村・座間味村・粟国村・渡名喜村・南大東村・北大東村・伊平屋村・伊是名村・久米島町・八重瀬町
30%
二海郡 八雲町
29%
空知郡 南幌町・奈井江町・上砂川町・上富良野町・中富良野町・南富良野町
29%
留萌郡 小平町
29%
苫前郡 苫前町・羽幌町・初山別村
29%
宗谷郡 猿払村
29%
和賀郡 西和賀町
29%
二戸郡 一戸町
29%
柴田郡 大河原町・村田町・柴田町・川崎町
29%
東置賜郡 高畠町・川西町
29%
西置賜郡 小国町・白鷹町・飯豊町
29%
甘楽郡 下仁田町・南牧村・甘楽町
29%
比企郡 滑川町・嵐山町・小川町・川島町・吉見町・鳩山町・ときがわ町
29%
夷隅郡 大多喜町・御宿町
29%
河北郡 津幡町・内灘町
29%
南都留郡 道志村・西桂町・忍野村・山中湖村・鳴沢村・富士河口湖町
29%
北都留郡 小菅村・丹波山村
29%
北佐久郡 軽井沢町・御代田町・立科町
29%
南佐久郡 小海町・川上村・南牧村・南相木村・北相木村・佐久穂町
29%
加茂郡 坂祝町・富加町・川辺町・七宗町・八百津町・白川町・東白川村
29%
駿東郡 清水町・長泉町・小山町
29%
有田郡 湯浅町・広川町・有田川町
29%
西牟婁郡 白浜町・上富田町・すさみ町
29%
八頭郡 若桜町・智頭町・八頭町
29%
日野郡 日南町・日野町・江府町
29%
和気郡 和気町
29%
三好郡 東みよし町
29%
土佐郡 土佐町・大川村
29%
糟屋郡 宇美町・篠栗町・志免町・須恵町・新宮町・久山町・粕屋町
29%
三養基郡 基山町・上峰町・みやき町
29%
薩摩郡 さつま町
29%
国頭郡 国頭村・大宜味村・東村・今帰仁村・本部町・恩納村・宜野座村・金武町・伊江村
29%
安房郡 鋸南町
28%
高座郡 寒川町
28%
海部郡 牟岐町・美波町・海陽町
28%
中津軽郡 西目屋村
27%
下閉伊郡 山田町・岩泉町・田野畑村・普代村
27%
九戸郡 軽米町・野田村・九戸村・洋野町
27%
伊達郡 桑折町・国見町・川俣町
27%
愛甲郡 愛川町・清川村
27%
上水内郡 信濃町・小川村・飯綱町
27%
下水内郡 栄村
27%
多気郡 多気町・明和町・大台町
27%
泉北郡 忠岡町
27%
菊池郡 大津町・菊陽町
27%
宮古郡 多良間村
27%
檜山郡 江差町・上ノ国町・厚沢部町
26%
紋別郡 遠軽町・湧別町・滝上町・興部町・西興部村・雄武町
26%
上閉伊郡 大槌町
26%
宮城郡 松島町・七ヶ浜町・利府町
26%
西村山郡 河北町・西川町・朝日町・大江町
26%
東白川郡 棚倉町・矢祭町・塙町・鮫川村
26%
田村郡 三春町・小野町
26%
東茨城郡 茨城町・大洗町・城里町
26%
南埼玉郡 宮代町
26%
印旛郡 酒々井町・栄町
26%
北蒲原郡 聖籠町
26%
西蒲原郡 弥彦村
26%
東蒲原郡 阿賀町
26%
不破郡 垂井町・関ケ原町
26%
北設楽郡 設楽町・東栄町・豊根村
26%
東村山郡 山辺町・中山町
25%
西白河郡 西郷村・泉崎村・中島村・矢吹町
25%
猿島郡 五霞町・境町
25%
芳賀郡 益子町・茂木町・市貝町・芳賀町
25%
香取郡 神崎町・多古町・東庄町
25%
山武郡 九十九里町・芝山町・横芝光町
25%
三方郡 美浜町
25%
大飯郡 高浜町・おおい町
25%
西春日井郡 豊山町
25%
北牟婁郡 紀北町
25%
南河内郡 太子町・河南町・千早赤阪村
25%
多可郡 多可町
25%
岩美郡 岩美町
25%
東彼杵郡 東彼杵町・川棚町・波佐見町
25%
天草郡 苓北町
25%
玖珠郡 玖珠町・九重町
25%
網走郡 美幌町・津別町・大空町
24%
入間郡 三芳町・毛呂山町・越生町
24%
南魚沼郡 湯沢町
24%
大野郡 白川村
24%
喜多郡 内子町
24%
西彼杵郡 長与町・時津町
24%
八重山郡 竹富町・与那国町
24%
気仙郡 住田町
23%
久慈郡 大子町
23%
稲敷郡 美浦村・阿見町・河内町
23%
塩谷郡 塩谷町・高根沢町
23%
南蒲原郡 田上町
23%
中巨摩郡 昭和町
23%
桑名郡 木曽岬町
23%
三重郡 菰野町・朝日町・川越町
23%
南牟婁郡 御浜町・紀宝町
23%
与謝郡 伊根町・与謝野町
23%
田川郡 香春町・添田町・糸田町・川崎町・大任町・赤村・福智町
23%
虻田郡 豊浦町・洞爺湖町・ニセコ町・真狩村・留寿都村・喜茂別町・京極町・倶知安町
22%
夕張郡 由仁町・長沼町・栗山町
22%
仙北郡 美郷町
22%
耶麻郡 北塩原村・西会津町・磐梯町・猪苗代町
22%
河内郡 上三川町
22%
中新川郡 舟橋村・上市町・立山町
22%
北安曇郡 池田町・松川村・白馬村・小谷村
22%
本巣郡 北方町
22%
額田郡 幸田町
22%
宇陀郡 曽爾村・御杖村
22%
神石郡 神石高原町
22%
板野郡 松茂町・北島町・藍住町・板野町・上板町
22%
伊予郡 松前町・砥部町
22%
鞍手郡 小竹町・鞍手町
22%
玉名郡 玉東町・南関町・長洲町・和水町
22%
亀田郡 七飯町
21%
爾志郡 乙部町
21%
北村山郡 大石田町
21%
飽海郡 遊佐町
21%
児玉郡 美里町・神川町・上里町
21%
大里郡 寄居町
21%
岩船郡 関川村・粟島浦村
21%
下新川郡 入善町・朝日町
21%
東筑摩郡 麻績村・生坂村・山形村・朝日村・筑北村
21%
可児郡 御嵩町
21%
周智郡 森町
21%
乙訓郡 大山崎町
21%
神崎郡 市川町・福崎町・神河町
21%
生駒郡 平群町・三郷町・斑鳩町・安堵町
21%
邑智郡 川本町・美郷町・邑南町
21%
木田郡 三木町
21%
河東郡 音更町・士幌町・上士幌町・鹿追町
20%
阿寒郡 鶴居村
20%
三方上中郡 若狭町
20%
久米郡 久米南町・美咲町
20%
勝浦郡 勝浦町・上勝町
20%
神埼郡 吉野ヶ里町
20%
久遠郡 せたな町
19%
沙流郡 日高町・平取町
19%
河西郡 芽室町・中札内村・更別村
19%
伊具郡 丸森町
19%
北秋田郡 上小阿仁村
19%
東田川郡 三川町・庄内町
19%
鳳珠郡 穴水町・能登町
19%
埴科郡 坂城町
19%
榛原郡 吉田町・川根本町
19%
三島郡 島本町
19%
綾歌郡 宇多津町・綾川町
19%
仲多度郡 琴平町・多度津町・まんのう町
19%
北宇和郡 鬼北町・松野町
19%
南宇和郡 愛南町
19%
東松浦郡 玄海町
19%
上益城郡 御船町・嘉島町・益城町・甲佐町・山都町
19%
八代郡 氷川町
19%
中頭郡 読谷村・嘉手納町・北谷町・北中城村・中城村・西原町
19%
上磯郡 知内町・木古内町
18%
勇払郡 厚真町・安平町・むかわ町・占冠村
18%
常呂郡 訓子府町・置戸町・佐呂間町
18%
幌泉郡 えりも町
18%
牡鹿郡 女川町
18%
鹿角郡 小坂町
18%
鹿島郡 中能登町
18%
西八代郡 市川三郷町
18%
上高井郡 小布施町・高山村
18%
下高井郡 山ノ内町・木島平村・野沢温泉村
18%
田方郡 函南町
18%
丹羽郡 大口町・扶桑町
18%
相楽郡 笠置町・和束町・精華町・南山城村
18%
東伯郡 三朝町・湯梨浜町・琴浦町・北栄町
18%
西伯郡 日吉津村・大山町・南部町・伯耆町
18%
美馬郡 つるぎ町
18%
越智郡 上島町
18%
嘉穂郡 桂川町
18%
築上郡 吉富町・上毛町・築上町
18%
西松浦郡 有田町
18%
北松浦郡 小値賀町・佐々町
18%
鹿児島郡 三島村・十島村
18%
肝属郡 東串良町・錦江町・南大隅町・肝付町
18%
樺戸郡 月形町・浦臼町・新十津川町
17%
本吉郡 南三陸町
17%
南秋田郡 五城目町・八郎潟町・井川町・大潟村
17%
大沼郡 三島町・金山町・昭和村・会津美里町
17%
吉田郡 永平寺町
17%
小県郡 青木村・長和町
17%
羽島郡 岐南町・笠松町
17%
綴喜郡 井手町・宇治田原町
17%
加古郡 稲美町・播磨町
17%
北葛城郡 上牧町・王寺町・広陵町・河合町
17%
真庭郡 新庄村
17%
朝倉郡 筑前町・東峰村
17%
八女郡 広川町
17%
南松浦郡 新上五島町
17%
下益城郡 美里町
17%
葦北郡 芦北町・津奈木町
17%
西諸県郡 高原町
17%
東諸県郡 国富町・綾町
17%
茅部郡 鹿部町・森町
16%
安達郡 大玉村
16%
高市郡 高取町・明日香村
16%
加賀郡 吉備中央町
16%
熊毛郡 上関町・田布施町・平生町 | 中種子町・南種子町・屋久島町
16%
野付郡 別海町
15%
胆沢郡 金ケ崎町
15%
山本郡 藤里町・三種町・八峰町
15%
結城郡 八千代町
15%
北相馬郡 利根町
15%
佐波郡 玉村町
15%
羽咋郡 志賀町・宝達志水町
15%
犬上郡 豊郷町・甲良町・多賀町
15%
久世郡 久御山町
15%
美方郡 香美町・新温泉町
15%
磯城郡 川西町・三宅町・田原本町
15%
浅口郡 里庄町
15%
山県郡 安芸太田町・北広島町
15%
西宇和郡 伊方町
15%
幡多郡 大月町・三原村・黒潮町
15%
児湯郡 高鍋町・新富町・西米良村・木城町・川南町・都農町
15%
東臼杵郡 門川町・諸塚村・椎葉村・美郷町
15%
西臼杵郡 高千穂町・日之影町・五ヶ瀬町
15%
曽於郡 大崎町
15%
山越郡 長万部町
14%
古宇郡 泊村・神恵内村
14%
目梨郡 羅臼町
14%
西磐井郡 平泉町
14%
黒川郡 大和町・大郷町・大衡村
14%
雄勝郡 羽後町・東成瀬村
14%
河沼郡 会津坂下町・湯川村・柳津町
14%
中魚沼郡 津南町
14%
能美郡 川北町
14%
今立郡 池田町
14%
赤穂郡 上郡町
14%
香川郡 直島町
14%
高岡郡 中土佐町・佐川町・越知町・檮原町・日高村・津野町・四万十町
14%
東国東郡 姫島村
14%
出水郡 長島町
14%
有珠郡 壮瞥町
13%
川上郡 標茶町・弟子屈町
13%
岩瀬郡 鏡石町・天栄村
13%
下都賀郡 壬生町・野木町
13%
北群馬郡 榛東村・吉岡町
13%
伊都郡 かつらぎ町・九度山町・高野町
13%
小田郡 矢掛町
13%
勝田郡 勝央町・奈義町
13%
英田郡 西粟倉村
13%
名東郡 佐那河内村
13%
名西郡 石井町・神山町
13%
長岡郡 本山町・大豊町
13%
速見郡 日出町
13%
北諸県郡 三股町
13%
南条郡 南越前町
12%
船井郡 京丹波町
12%
海草郡 紀美野町
12%
都窪郡 早島町
12%
豊田郡 大崎上島町
12%
上浮穴郡 久万高原町
12%
藤津郡 太良町
12%
姶良郡 湧水町
12%
磯谷郡 蘭越町
11%
刈田郡 蔵王町・七ヶ宿町
11%
丹生郡 越前町
11%
揖保郡 太子町
11%
飯石郡 飯南町
11%
吾川郡 いの町・仁淀川町
11%
三井郡 大刀洗町
11%
三潴郡 大木町
11%
杵島郡 大町町・江北町・白石町
11%
遠田郡 涌谷町・美里町
10%
多野郡 上野村・神流町
10%
蒲生郡 日野町・竜王町
10%
川辺郡 猪名川町
10%
仁多郡 奥出雲町
10%
鹿足郡 津和野町・吉賀町
10%
苫田郡 鏡野町
10%
玖珂郡 和木町
10%
山辺郡 山添村
7%
No matching quizzes found
Score Distribution
Percent of People with Each Score
Percentile by Number Answered
Your Score History
You have not taken this quiz